000 00808nam a2200265 a 4500
001 BRCA_7556
005 20190320205903.0
008 060613s1955----mx-a######---#000-0#spa-#
041 _aspa
044 _amx
050 4 _aNA1370
_b.M57 1955
100 1 _aMiranda, Salvador
_918638
245 1 0 _aEl gran palacio sagrado de Bizancio
_cSalvador Miranda ; prólogo de Manuel Toussaint.
260 _aMéxico
_bStylo
_cc1955
300 _a220 p.
_bil. (algunas a color), mapas, planos
_c32 cm.
500 _aEjemplar numerado 74 de 500
500 _aS34
610 2 4 _aPalacio de Estambul
_918639
650 1 4 _aArte bizantino
_918517
650 1 4 _aArquitectura bizantina
_918640
651 4 _aEstambul
_xArquitectura
_918641
700 1 _aToussaint, Manuel
_epról.
_96793
902 _aGFM
942 _2lcc
_cB
999 _c7230
_d7230